00507nam a2200085Ia 4500008004100000245003100041300027700072650001600349856005600365170517s9999 xx 000 0 und d 4aThe Business of Being Born aThe Business of Being Born is a 2008 documentary film that explores the contemporary experience of childbirth in the United States. Produced by Ricki Lake, it compares various childbirth methods, including midwives, natural births, epidurals, and Cesarean sections. The... xTechnology. uhttp://topdocumentaryfilms.com/business-being-born/